| 000 -LEADER |
| fixed length control field |
00583cam a2200181 i 4500 |
| 020 ## - INTERNATIONAL STANDARD BOOK NUMBER |
| ISBN |
2040103872 |
| 040 ## - CATALOGING SOURCE |
| Transcribing agency |
DLC |
| 082 00 - DEWEY DECIMAL CLASSIFICATION NUMBER |
| Classification number |
589 GAU 1978 A030 Or. |
| 100 1# - MAIN ENTRY--AUTHOR NAME |
| Personal name |
Jacquiot, Clément. |
| 245 10 - TITLE STATEMENT |
| Title |
Écologie des champignons forestiers / |
| 260 ## - PUBLICATION, DISTRIBUTION, ETC. (IMPRINT) |
| Place of publication |
[Paris] : |
| Name of publisher |
Gauthier-Villars, |
| Year of publication |
c1978. |
| 300 ## - PHYSICAL DESCRIPTION |
| Number of Pages |
vi, 94 p., [6] leaves of plates : |
| Other physical details |
ill. (some col.) ; |
| Dimensions |
24 cm. |
| 490 0# - SERIES STATEMENT |
| Series statement |
Écologie fondamentale et appliquée |
| 500 ## - GENERAL NOTE |
| General note |
Label on t.p.: Distributed in the U.S.A. by S.M.P.F. Corp., New York. |
| 500 ## - GENERAL NOTE |
| General note |
Includes indexes. |
| 650 #0 - SUBJECT ADDED ENTRY--TOPICAL TERM |
| Topical Term |
Forest fungi |
| 942 ## - ADDED ENTRY ELEMENTS (KOHA) |
| Koha item type |
សៀវភៅភាសាបារាំង |
| 952 ## - LOCATION AND ITEM INFORMATION (KOHA) |
| Withdrawn status [LOCAL, KOHA] |
0 |